Historia general de Andalucía: desde los tiempos más remotos hasta 1870

Gespeichert in:
Bibliographische Detailangaben
1. Verfasser: Guichot y Parody, Joaquín (VerfasserIn)
Format: Buch
Sprache:Spanisch
Veröffentlicht: s.l Dykinson 2017
Schriftenreihe:Revista de Historiografía, 5
Schlagworte:
Tags: Tag hinzufügen
Keine Tags, Fügen Sie den ersten Tag hinzu!

MARC

LEADER 00000cam a2200000 a 4500
001 UCD9196
003 CL-VaPUC
005 20210521001554.0
008 170609e20170000sp |||||||||||||||||spa|d
999 |c 368455  |d 368453 
020 |a 9788491481379 
040 |c Pontificia Universidad Católica de Valparaíso 
082 0 4 |a 946.0009468 GUI 2017  |2 21 
100 0 |a Guichot y Parody, Joaquín  |e author  |9 592891 
245 1 0 |a Historia general de Andalucía:  |b  desde los tiempos más remotos hasta 1870 
260 |a s.l  |b Dykinson  |c 2017 
300 |a volúmenes 
490 0 |a Revista de Historiografía,  |v  5 
500 |a v.1: Prehistoria y Antigüedad 
583 |a last modification  |c 20170609 16:51:00  |k Rodrigo Vera 
650 0 |a Historia de España  |z ANDALUCIA  |9 315435 
650 0 |a Historia de ciudades   |z ANDALUCIA  |9 445863 
852 |a BIBCUR 
942 |c BK  |2 ddc 
945 |d 20170609 16:51:00  |a dcastane 
952 |0 0  |1 0  |2 ddc  |3 erb  |4 0  |6 946_000946800000000_GUI_2017  |7 0  |8 A  |9 483787  |a BIBHIS  |b BIBHIS  |h v.1  |i 5396379  |o 946.0009468 GUI 2017  |p 5396379  |r 2025-01-20  |t 1  |w 2019-11-24  |y BK  |z Catalogado en:20170609  |k HIS